| 000 | 00660nam a22002057a 4500 | ||
|---|---|---|---|
| 999 |
_c329874 _d329874 |
||
| 001 | nust | ||
| 003 | SCME | ||
| 005 | 20170526122341.0 | ||
| 008 | 140117t xxu||||| |||| 00| 0 eng d | ||
| 022 | _281-239-0840-7 | ||
| 040 | _cscme | ||
| 082 | _a658.781 ALL | ||
| 100 |
_aTheodore H. Allegri sr _91003 |
||
| 245 | _aMaterials Handling Principles and Practice | ||
| 260 |
_aUSA _bSatish Kumar _c1984 |
||
| 300 | _a516 p | ||
| 546 | _aEnglish | ||
| 563 | _aPBC | ||
| 650 |
_2Materials Handling Principles and Practice _aMaterials Handling Principles and Practice _91004 |
||
| 942 |
_2ddc _cBK |
||